| 000 -ლიდერი |
| ფიქსირებული სიგრძის საკონტროლო ველი |
01145nam a22001697a 4500 |
| 003 - საკონტროლო ნომრის იდენტიფიკატორი |
| საკონტროლო ველი |
Ge_BSU |
| 005 - ბოლო ოპერაციის თარიღი და დრო |
| საკონტროლო ველი |
20260113190857.0 |
| 008 - ფიქსირებული სიგრძის მონაცემთა ელემენტები - ზოგადი ინფორმაცია |
| ფიქსირებული სიგრძის საკონტროლო ველი |
260113s1971 ge ||||| |||| 00| 0 geo d |
| 041 ## - ენის კოდი |
| Language code of text/sound track or separate title |
geo |
| 080 ## - უნივერსალური ათობითი კლასიფიკაციის ინდექსი |
| Universal Decimal Classification number |
31(479.22) ს-32 |
| 245 ## - ცნობა სათაურის შესახებ |
| Title |
საბჭოთა საქართველოს 50 წელი : |
| Remainder of title |
სტატისტიკური კრებული / |
| Statement of responsibility, etc |
საქ. სსრ მინისტრთა საბჭოსთან არსებული ცენტრალ. სტატისტიკური სამმართველო. |
| 264 ## - წარმოების, გამოცემის, დისტრიბუციის და სხვა ცნობები |
| გამოცემის, წარმოების, დისტრიბუციის... ადგილი |
თბილისი : |
| გამოცემის, წარმოების, დისტრიბუციის... სახელწოდება |
გამ-ბა, "სტატისტიკის" საქართველოს განყ-ბა, |
| გამოცემის, წარმოების, დისტრიბუციის... თარიღი |
1971. |
| 300 ## - ფიზიკური აღწერა |
| Extent |
388 გვ. : |
| Other physical details |
ილ. ; |
| Dimensions |
22 სმ. |
| 653 ## - INDEX TERM--UNCONTROLLED |
| Uncontrolled term |
საქართველოს სტატისტიკა. |
| 710 ## - ADDED ENTRY--CORPORATE NAME |
| Corporate name or jurisdiction name as entry element |
საქართველოს სსრ მინისტრთა საბჭოსთან არსებული ცენტრალური სტატისტიკური სამმართველო. |
| 9 (RLIN) |
26668 |
| 942 ## - ADDED ENTRY ELEMENTS (KOHA) |
| Source of classification or shelving scheme |
|
| Koha item type |
წიგნი |